00339 a2200109 4500001000900000005001700009008004100026245004600067100002300113773007600136999001700212ART_964320260410161837.0260409a 10aUn modelo de optimización de beneficios1 aWajchman, Mauricio0 tContabilidad y administracióng- Año 6, Nº 57 (mar. 1982)wREV5485 c23763d23763